中部国際空港(セントレア)に就航している航空会社 - Statistics

General Stats
  • This quiz has been taken 62 times
  • The average score is 20 of 41
Answer Stats
Hint Answer % Correct
日本 全日本空輸
98%
日本 日本航空
98%
日本 ピーチ・アビエーション
93%
韓国 大韓航空
80%
日本 ソラシドエア
78%
日本 スカイマーク
76%
日本 AIRDO
69%
日本 スターフライヤー
67%
日本 フジドリームエアラインズ
64%
中国・台湾 中国東方航空
64%
韓国 アシアナ航空
58%
中国・台湾 中国南方航空
58%
中国・台湾 チャイナエアライン
58%
日本 ジェットスター・ジャパン
56%
韓国 チェジュ航空
56%
日本 日本トランスオーシャン航空
53%
オセアニア カンタス航空
53%
東南アジア ベトナム航空
51%
東南アジア タイ国際航空
51%
中国・台湾 中国国際航空
49%
中国・台湾 キャセイパシフィック航空
47%
東南アジア シンガポール航空
47%
日本 アイベックスエアラインズ
44%
中国・台湾 春秋航空
44%
韓国 ジンエアー
42%
東南アジア フィリピン航空
42%
ヨーロッパ フィンエアー
40%
中国・台湾 香港航空
38%
中国・台湾 香港エクスプレス
36%
中国・台湾 スターラックス航空
33%
中国・台湾 タイガーエア台湾
31%
東南アジア セブパシフィック航空
31%
中国・台湾 上海航空
29%
中国・台湾 吉祥航空
24%
中国・台湾 深圳航空
24%
東南アジア ベトジェットエア
24%
中国・台湾 天津航空
22%
東南アジア タイ・エアアジアX
18%
中国・台湾 山東航空
11%
中国・台湾 厦門航空
11%
東南アジア バティック・エア・マレーシア
9%
No matching quizzes found
Score Distribution
Percent of People with Each Score
Percentile by Number Answered
Your Score History
You have not taken this quiz